| 000 | 00983nam a2200253 4500 | ||
|---|---|---|---|
| 005 | 20250926103546.0 | ||
| 020 |
_a9780273711919 _cTZS 100,395/= |
||
| 040 |
_aMCCL _beng. _eAACR 2nd rev. ed. |
||
| 082 | _a658.4012 JOH | ||
| 100 | _aJohson, Gerry. | ||
| 245 |
_aExploring corporate strategy : _b text and cases/ _cGerry Johnson, Kevan Scholes, Richard Whittington |
||
| 250 | _a8th ed. | ||
| 260 |
_aHarlow: _bPrentice Hall, _cc2008. |
||
| 300 |
_axxxvi,622 p. : _bill. ; _c26 cm. |
||
| 504 | _aIncludes index | ||
| 520 | _aExploring Strategy tackles the biggest issues surrounding the operation, growth, and innovation of organisations. With longer case studies included in the Text & Cases edition your students will gain deeper insight into the manager-way of thinking | ||
| 546 | _aeng. | ||
| 650 | _aCorporate strategy | ||
| 650 | _a Business planning | ||
| 650 | _aStrategic planning | ||
| 700 | _aWhittington, Richard | ||
| 700 | _aScholes, Kevan | ||
| 942 | _cBK | ||
| 999 |
_c11235 _d11235 |
||